000 00738nam a2200205Ii 4500
003 JO-AjNU
008 230605s9999||||xx |||||||||||||| ||und||
017 _a2009/11/4733
040 _aJO-AjNU
_bara
_erda
_cJO-AjNU
041 _aara
050 1 4 _aPJ7692.S8.M38645 2009
100 3 _aتأليف ماركيز،غابرييل غارسيا ؛ ترجمةصالح علماني,
_eauthor
_923114
245 0 0 _aالحب في زمن الكوليرا
264 3 1 _aعمان:وزارة الثقافة،2009
300 _a445ص
336 _atext
_btxt
_2rdacontent
337 _aunmediated
_bn
_2rdamedia
338 _avolume
_bnc
_2rdacarrier
650 4 _a القصص الإسبانية - كولومبيا - الحب - الكوليرا
_923115
999 _aA8311
_c11879
_d11879